[Event "Mersin op 6th"]
[Site "Mersin"]
[Date "2022.09.04"]
[Round "1"]
[White "Eke, Salih"]
[Black "Uzumcu, Ahmet Utku"]
[Result "0-1"]
[WhiteElo "2088"]
[BlackElo "2284"]
[PlyCount "38"]
[EventDate "2022.09.04"]
[EventType "swiss"]
[EventRounds "9"]
[EventCountry "TUR"]
[SourceTitle "CBM 210 Extra"]
[Source "ChessBase"]
[SourceDate "2022.11.30"]
[SourceVersion "1"]
[SourceVersionDate "2022.11.30"]
[SourceQuality "1"]

1. d4 d5 2. c4 c6 3. Nf3 Nf6 4. Nc3 dxc4 5. a4 Bf5 6. Ne5 Nbd7 7. Nxc4 Nb6 8. Ne5 a5 9. f3 Nfd7 10. Nxd7 Nxd7 11. e4 Bg6 12. Be3 e5 13. Qd2 Bb4 14. dxe5 Nxe5 15. 0-0-0 Qxd2+ 16. Rxd2 f6 17. f4 Nd7 18. Bc4 Ke7 19. f5 Be8 0-1

[Event "TUR-chT 1st League"]
[Site "Konya"]
[Date "2022.08.23"]
[Round "3.10"]
[White "Yildiz, Emre"]
[Black "Uzumcu, Ahmet Utku"]
[Result "1/2-1/2"]
[WhiteElo "1985"]
[BlackElo "2249"]
[PlyCount "154"]
[EventDate "2022.08.22"]
[EventType "team-swiss"]
[EventRounds "9"]
[EventCountry "TUR"]
[SourceTitle "CBM 209 Extra"]
[Source "ChessBase"]
[SourceDate "2022.09.30"]
[SourceVersion "1"]
[SourceVersionDate "2022.09.30"]
[SourceQuality "1"]
[WhiteTeam "Salihli Sardes"]
[BlackTeam "Mavisehir Altyapi"]
[WhiteTeamCountry "TUR"]
[BlackTeamCountry "TUR"]

1. d4 Nf6 2. c4 g6 3. Nc3 d5 4. cxd5 Nxd5 5. e4 Nxc3 6. bxc3 Bg7 7. Qa4+ Qd7 8. Bb5 c6 9. Be2 0-0 10. Nf3 Qg4 11. Ng5 Qd7 12. 0-0 b5 13. Qa3 h6 14. Nf3 Qc7 15. Be3 a5 16. Rad1 Bb7 17. Qc1 Kh7 18. Bf4 Qb6 19. c4 bxc4 20. Bxc4 Nd7 21. e5 e6 22. Qc2 Qc7 23. h4 Nb6 24. Bd3 Nd5 25. Bd2 Ba6 26. h5 Bxd3 27. Qxd3 Rfd8 28. g4 Ne7 29. Qe4 Qd7 30. Kg2 Qd5 31. hxg6+ Nxg6 32. Qxd5 Rxd5 33. Rc1 Rc8 34. Rh1 c5 35. g5 h5 36. Rxh5+ Kg8 37. Be3 c4 38. Nd2 c3 39. Rc2 Ne7 40. Ne4 Rd7 41. Nc5 Rd5 42. Rxc3 Nf5 43. Ne4 Rxc3 44. Nxc3 Rd8 45. Nb5 Rc8 46. Kf3 Rc2 47. a3 Bf8 48. Rh1 Rb2 49. a4 Ra2 50. Nc3 Ra3 51. Nb5 Rxa4 52. Rc1 Rb4 53. Nc3 Nxd4+ 54. Bxd4 Rxd4 55. Ke3 Bc5 56. Ke2 Rg4 57. f3 Rxg5 58. Ne4 Rg2+ 59. Kd3 Bf8 60. Rc8 Kg7 61. Nf6 Rh2 62. Ra8 Rh3 63. Ke4 Rh4+ 64. f4 a4 65. Rxa4 Be7 66. Ne8+ Kg6 67. Ra2 Rg4 68. Kf3 Kf5 69. Ra4 Rg8 70. Ra8 Kg6 71. Rc8 Rh8 72. Nd6 Rxc8 73. Nxc8 Bc5 74. Ke4 f5+ 75. exf6 Kxf6 76. Kd3 Kf5 77. Ke2 Kxf4 1/2-1/2

[Event "Istanbul op"]
[Site "Istanbul"]
[Date "2022.08.14"]
[Round "9"]
[White "Abdisalimov, Abdimalik"]
[Black "Uzumcu, Ahmet Utku"]
[Result "1-0"]
[WhiteElo "2437"]
[BlackElo "2249"]
[PlyCount "63"]
[EventDate "2022.08.08"]
[EventType "swiss"]
[EventRounds "9"]
[EventCountry "TUR"]
[SourceTitle "CBM 209 Extra"]
[Source "ChessBase"]
[SourceDate "2022.09.30"]
[SourceVersion "1"]
[SourceVersionDate "2022.09.30"]
[SourceQuality "1"]

1. d4 d5 2. c4 c6 3. Nf3 Nf6 4. Nc3 dxc4 5. a4 Bf5 6. Ne5 Nbd7 7. Nxc4 Nb6 8. Ne5 a5 9. f3 Nfd7 10. Nxd7 Nxd7 11. e4 Bg6 12. Be3 e5 13. dxe5 Nxe5 14. Be2 Qxd1+ 15. Rxd1 f6 16. f4 Nd7 17. Bg4 Rd8 18. Kf2 Bb4 19. Na2 Be7 20. Nc3 Bb4 21. Kf3 Ke7 22. Na2 Bd6 23. Rd4 Nc5 24. Rhd1 b6 25. b4 Nxa4 26. bxa5 b5 27. Nb4 Be8 28. a6 Nb2 29. Rxd6 Rxd6 30. Bc5 Nxd1 31. e5 fxe5 32. fxe5 1-0

[Event "TUR-UKR Friendship U20"]
[Site "Tornelo INT"]
[Date "2021.01.17"]
[Round "2.1"]
[White "Hulka, Valentyn"]
[Black "Uzumcu, Ahmet Utku"]
[Result "1/2-1/2"]
[WhiteElo "2089"]
[BlackElo "2249"]
[PlyCount "51"]
[EventDate "2021.01.17"]
[EventType "team-match (rapid)"]
[EventRounds "2"]
[EventCountry "TUR"]
[SourceTitle "CBM 200 Extra"]
[Source "ChessBase"]
[SourceDate "2021.03.31"]
[SourceVersion "1"]
[SourceVersionDate "2021.03.31"]
[SourceQuality "1"]
[WhiteTeam "Ukraine U20"]
[BlackTeam "Turkey U20"]
[WhiteTeamCountry "UKR"]
[BlackTeamCountry "TUR"]

1. e4 Nc6 2. Nf3 d6 3. d4 Nf6 4. Nc3 g6 5. h3 Bg7 6. Bd3 e5 7. dxe5 Nxe5 8. Nxe5 dxe5 9. 0-0 0-0 10. Bc4 Be6 11. Bxe6 fxe6 12. Bg5 h6 13. Bxf6 Qxf6 14. Qe2 c6 15. Rad1 Rad8 16. Na4 Qe7 17. b3 h5 18. Rxd8 Rxd8 19. Rd1 Bf8 20. Rxd8 Qxd8 21. Nb2 Qd4 22. Nd3 Bg7 23. Qe1 Bf8 24. Qe2 Bg7 25. Qe1 Bf8 26. Qe2 1/2-1/2

[Event "Veliko Gradiste Silver Lake op"]
[Site "Veliko Gradiste"]
[Date "2019.06.18"]
[Round "4"]
[White "Zlatanovic, Boroljub"]
[Black "Uzumcu, Ahmet Utku"]
[Result "1/2-1/2"]
[WhiteElo "2393"]
[BlackElo "2169"]
[PlyCount "69"]
[EventDate "2019.06.16"]
[EventType "swiss"]
[EventRounds "9"]
[EventCountry "SRB"]
[SourceTitle "CBM 191 Extra"]
[Source "ChessBase"]
[SourceDate "2019.09.30"]
[SourceVersion "1"]
[SourceVersionDate "2019.09.30"]
[SourceQuality "1"]

1. c4 c6 2. Nf3 d5 3. b3 Nf6 4. Bb2 g6 5. g3 Bg7 6. Bg2 0-0 7. 0-0 Nbd7 8. cxd5 cxd5 9. d4 Ne4 10. Nc3 Nxc3 11. Bxc3 Nf6 12. Rc1 Bf5 13. Ne5 Rc8 14. Bb4 Re8 15. Rxc8 Qxc8 16. Qc1 Qxc1 17. Rxc1 Bf8 18. f3 Rc8 19. Rxc8 Bxc8 20. g4 h6 21. h4 Nd7 22. Kf2 Nxe5 23. dxe5 b6 24. Ke3 g5 25. hxg5 hxg5 26. f4 Bxg4 27. fxg5 e6 28. Bxf8 Kxf8 29. Bf1 Kg7 30. Kf4 Bf5 31. e3 Bc2 32. b4 Kg6 33. Be2 Bb1 34. a3 Bc2 35. Bf3 1/2-1/2

[Event "EU-ch 20th"]
[Site "Skopje"]
[Date "2019.03.27"]
[Round "9"]
[White "Arsovic, Goran"]
[Black "Uzumcu, Ahmet Utku"]
[Result "1-0"]
[WhiteElo "2380"]
[BlackElo "2211"]
[PlyCount "61"]
[EventDate "2019.03.18"]
[EventType "swiss"]
[EventRounds "11"]
[EventCountry "MKD"]
[SourceTitle "CBM 189"]
[Source "ChessBase"]
[SourceDate "2019.04.29"]
[SourceVersion "1"]
[SourceVersionDate "2019.04.29"]
[SourceQuality "1"]

1. d4 Nf6 2. Nf3 g6 3. c4 Bg7 4. g3 d5 5. cxd5 Nxd5 6. Bg2 Nb6 7. Nc3 Nc6 8. e3 0-0 9. 0-0 Re8 10. a3 e5 11. d5 Na5 12. Qc2 c6 13. b4 Nac4 14. dxc6 bxc6 15. Rd1 Qe7 16. Ne4 Bg4 17. h3 Bxf3 18. Bxf3 f5 19. Be2 Nxe3 20. Bxe3 fxe4 21. Qxc6 Qe6 22. Qxe6+ Rxe6 23. Rac1 Ree8 24. Bb5 Rec8 25. Bc6 Rab8 26. Bxe4 Rxc1 27. Rxc1 Rc8 28. Rxc8+ Nxc8 29. Bb7 Nd6 30. Bd5+ Kh8 31. Bxa7 1-0

[Event "EU-ch 20th"]
[Site "Skopje"]
[Date "2019.03.25"]
[Round "7"]
[White "Kamer, Kayra"]
[Black "Uzumcu, Ahmet Utku"]
[Result "1-0"]
[WhiteElo "2397"]
[BlackElo "2211"]
[PlyCount "54"]
[EventDate "2019.03.18"]
[EventType "swiss"]
[EventRounds "11"]
[EventCountry "MKD"]
[SourceTitle "CBM 189"]
[Source "ChessBase"]
[SourceDate "2019.04.29"]
[SourceVersion "1"]
[SourceVersionDate "2019.04.29"]
[SourceQuality "1"]

1. e4 c5 2. Nf3 d6 3. d4 cxd4 4. Nxd4 Nf6 5. Nc3 a6 6. Be2 e5 7. Nb3 Be7 8. Be3 Be6 9. g4 d5 10. exd5 Nxd5 11. Nxd5 Qxd5 12. Qxd5 Bxd5 13. Rg1 Nc6 14. 0-0-0 0-0-0 15. Bb6 Rd7 16. Rg3 Bd8 17. Be3 Be7 18. Nc5 Rdd8 19. g5 Kb8 20. Bg4 Ka8 21. b3 e4 22. Bh3 Ne5 23. c4 Bc6 24. Rxd8+ Bxd8 25. Kc2 Bb6 26. b4 Ng6 27. Bf5 Ne5 1-0

[Event "Marmaris Karya 5th"]
[Site "Marmaris"]
[Date "2019.03.09"]
[Round "1.3"]
[White "Uzumcu, Ahmet Utku"]
[Black "Sibashvili, Giorgi"]
[Result "0-1"]
[WhiteElo "2211"]
[BlackElo "2419"]
[PlyCount "70"]
[EventDate "2019.03.09"]
[EventType "schev"]
[EventRounds "10"]
[EventCountry "TUR"]
[SourceTitle "CBM 189 Extra"]
[Source "ChessBase"]
[SourceDate "2019.06.03"]
[SourceVersion "1"]
[SourceVersionDate "2019.06.03"]
[SourceQuality "1"]
[WhiteTeam "Red Team"]
[BlackTeam "Blue Team"]
[WhiteTeamCountry "TUR"]
[BlackTeamCountry "TUR"]

1. e4 e6 2. d4 d5 3. Nd2 c5 4. Ngf3 cxd4 5. exd5 Qxd5 6. Bc4 Qd8 7. 0-0 Nc6 8. Nb3 a6 9. Nbxd4 Nxd4 10. Nxd4 Qc7 11. Bb3 Bd6 12. h3 Ne7 13. c3 0-0 14. Qf3 e5 15. Nc2 Kh8 16. Ne3 f5 17. Nc4 e4 18. Qe3 Be6 19. Nb6 Rad8 20. Bxe6 Bc5 21. Qe2 Qxb6 22. Bc4 Ng6 23. Bg5 Rde8 24. Rad1 f4 25. Qh5 f3 26. g3 e3 27. fxe3 Bxe3+ 28. Bxe3 Qxe3+ 29. Rf2 Re5 30. Qg4 Re4 31. Rd3 Qe1+ 32. Rf1 Rxg4 33. Rxe1 f2+ 34. Kf1 fxe1Q+ 35. Kxe1 Rxc4 0-1

[Event "Novi Sad-Turkey"]
[Site "Novi Sad"]
[Date "2018.11.22"]
[Round "9"]
[White "Uzumcu, Ahmet Utku"]
[Black "Jevtic, Miodrag"]
[Result "1-0"]
[WhiteElo "2083"]
[BlackElo "2340"]
[PlyCount "97"]
[EventDate "2018.11.17"]
[EventType "schev"]
[EventRounds "10"]
[EventCountry "SRB"]
[SourceTitle "CBM 187 Extra"]
[Source "ChessBase"]
[SourceDate "2018.11.04"]
[SourceVersion "1"]
[SourceVersionDate "2018.11.04"]
[SourceQuality "1"]

1. e4 d6 2. d4 Nf6 3. Nc3 e5 4. Nf3 exd4 5. Nxd4 Be7 6. Be2 0-0 7. 0-0 Re8 8. f4 Bf8 9. Bf3 Na6 10. Re1 c6 11. Be3 Nc5 12. Bf2 a5 13. a4 Qc7 14. Kh1 g6 15. Bg3 Qb6 16. Rb1 Qb4 17. e5 dxe5 18. fxe5 Nfd7 19. Ne4 Nxe4 20. Rxe4 Nc5 21. c3 Qb6 22. Re1 Qd8 23. Qc2 Qg5 24. Be2 h5 25. Bc4 h4 26. Qf2 Be6 27. Bxh4 Qh5 28. Nxe6 Nxe6 29. Rf1 g5 30. Qf5 Bg7 31. Bg3 Rad8 32. h3 Rd7 33. Rf2 Qh7 34. Qxh7+ Kxh7 35. Rbf1 Kg8 36. Rf5 Bh6 37. h4 Ree7 38. hxg5 Bg7 39. Rxf7 Rxf7 40. Bxe6 Kf8 41. Bxf7 Rxf7 42. Kg1 Rxf1+ 43. Kxf1 Kf7 44. Kf2 Kg6 45. Bf4 Kf5 46. Kf3 b5 47. b3 c5 48. axb5 c4 49. b6 1-0

[Event "Novi Sad-Turkey"]
[Site "Novi Sad"]
[Date "2018.11.21"]
[Round "7"]
[White "Uzumcu, Ahmet Utku"]
[Black "Savanovic, Vuk"]
[Result "1/2-1/2"]
[WhiteElo "2083"]
[BlackElo "2272"]
[PlyCount "51"]
[EventDate "2018.11.17"]
[EventType "schev"]
[EventRounds "10"]
[EventCountry "SRB"]
[SourceTitle "CBM 187 Extra"]
[Source "ChessBase"]
[SourceDate "2018.11.04"]
[SourceVersion "1"]
[SourceVersionDate "2018.11.04"]
[SourceQuality "1"]

1. e4 c5 2. Nc3 Nc6 3. Bb5 Nd4 4. Bc4 e6 5. Nge2 Ne7 6. Nxd4 cxd4 7. Ne2 Nc6 8. d3 Be7 9. 0-0 0-0 10. Bd2 Kh8 11. Bb3 d6 12. Qe1 Bd7 13. f4 f5 14. exf5 exf5 15. Qf2 Bf6 16. Rae1 Qb6 17. Ng3 g6 18. Re2 Rae8 19. Rxe8 Rxe8 20. Re1 Kg7 21. Re2 Rxe2 22. Qxe2 Ne7 23. Qe1 Qc6 24. Ne2 Nd5 25. Qf2 Qc5 26. c3 1/2-1/2

[Event "Novi Sad-Turkey"]
[Site "Novi Sad"]
[Date "2018.11.20"]
[Round "5"]
[White "Uzumcu, Ahmet Utku"]
[Black "Dragojlovic, Andjelko"]
[Result "1/2-1/2"]
[WhiteElo "2083"]
[BlackElo "2288"]
[PlyCount "48"]
[EventDate "2018.11.17"]
[EventType "schev"]
[EventRounds "10"]
[EventCountry "SRB"]
[SourceTitle "CBM 187 Extra"]
[Source "ChessBase"]
[SourceDate "2018.11.04"]
[SourceVersion "1"]
[SourceVersionDate "2018.11.04"]
[SourceQuality "1"]

1. e4 d6 2. d4 Nf6 3. Nc3 g6 4. Nf3 Bg7 5. Be2 0-0 6. 0-0 Bg4 7. h3 Bxf3 8. Bxf3 Nc6 9. Ne2 e5 10. d5 Ne7 11. c4 Nd7 12. Nc3 f5 13. Rb1 a5 14. a3 Nf6 15. b4 axb4 16. axb4 fxe4 17. Nxe4 Nxe4 18. Bxe4 Nf5 19. Qg4 Qf6 20. Bg5 Qf7 21. Ra1 Nd4 22. Be3 Nf5 23. Bg5 Nd4 24. Be3 Nf5 1/2-1/2

[Event "Novi Sad-Turkey"]
[Site "Novi Sad"]
[Date "2018.11.18"]
[Round "2"]
[White "Savanovic, Vuk"]
[Black "Uzumcu, Ahmet Utku"]
[Result "1-0"]
[WhiteElo "2272"]
[BlackElo "2083"]
[PlyCount "123"]
[EventDate "2018.11.17"]
[EventType "schev"]
[EventRounds "10"]
[EventCountry "SRB"]
[SourceTitle "CBM 187 Extra"]
[Source "ChessBase"]
[SourceDate "2018.11.04"]
[SourceVersion "1"]
[SourceVersionDate "2018.11.04"]
[SourceQuality "1"]

1. e4 c5 2. Nf3 d6 3. d4 cxd4 4. Nxd4 Nf6 5. Nc3 a6 6. f3 e6 7. Be3 b5 8. Qd2 Bb7 9. g4 Nfd7 10. 0-0-0 Nb6 11. a3 N8d7 12. h4 Rc8 13. g5 Ne5 14. f4 Nec4 15. Bxc4 Nxc4 16. Qd3 Qa5 17. Nb3 Qc7 18. Bd2 Be7 19. Rhf1 0-0 20. f5 Rfe8 21. Nd4 Bf8 22. h5 Ne5 23. Qh3 Qc4 24. Bf4 b4 25. axb4 Qxb4 26. Bxe5 dxe5 27. fxe6 fxe6 28. Nxe6 Qc4 29. Nxf8 Rxf8 30. Rxf8+ Rxf8 31. Qd7 Qf7 32. Qxf7+ Rxf7 33. g6 hxg6 34. hxg6 Rf4 35. Rd7 Bc6 36. Re7 Rf6 37. Rxe5 Rxg6 38. Nd5 Kf7 39. Re7+ Kf8 40. Rc7 Re6 41. Nf4 Rf6 42. e5 Rxf4 43. Rxc6 a5 44. Kd2 a4 45. Kc3 Ke7 46. Rc7+ Ke6 47. Rxg7 Kxe5 48. Rd7 Rh4 49. Rd8 Rg4 50. Kd2 Rb4 51. Kc1 Ke6 52. Rd3 Ke5 53. Kb1 Ke4 54. Ka2 Rc4 55. Rd2 Ke3 56. Rh2 Kf3 57. Ka3 Ke3 58. c3 Kd3 59. Rh5 Kc2 60. Rb5 Rf4 61. Rb4 Rxb4 62. cxb4 1-0

[Event "TUR-chT"]
[Site "Ankara"]
[Date "2018.08.03"]
[Round "11.2"]
[White "Uzumcu, Ahmet Utku"]
[Black "Kamer, Kayra"]
[Result "0-1"]
[WhiteElo "2261"]
[BlackElo "2181"]
[PlyCount "54"]
[EventDate "2018.07.25"]
[EventType "team-tourn"]
[EventRounds "13"]
[EventCountry "TUR"]
[SourceTitle "CBM 185 Extra"]
[Source "ChessBase"]
[SourceDate "2018.07.29"]
[SourceVersion "1"]
[SourceVersionDate "2018.07.29"]
[SourceQuality "1"]
[WhiteTeam "Hatay Buyuksehir"]
[BlackTeam "Tarsus Zeka"]
[WhiteTeamCountry "TUR"]
[BlackTeamCountry "TUR"]

1. e4 c5 2. Nf3 e6 3. d4 cxd4 4. Nxd4 a6 5. Bd3 Bc5 6. Nb3 Be7 7. Qg4 g6 8. Qe2 d6 9. Nc3 Nd7 10. Be3 Ngf6 11. a4 b6 12. 0-0 Bb7 13. f4 Qc7 14. Rae1 Nc5 15. Nxc5 bxc5 16. Bf2 Nd7 17. f5 Ne5 18. Bc4 gxf5 19. exf5 Qc6 20. Ne4 exf5 21. Nxd6+ Bxd6 22. Bh4 Kd7 23. Rxf5 Nxc4 24. Rxf7+ Kc8 25. Qe6+ Kb8 26. Rf2 Ka7 27. Qxc4 Rhg8 0-1